| 000 | 01061cam a2200205 4500 | ||
|---|---|---|---|
| 001 | WB4005-15 | ||
| 008 | 040204n2004 000 0 eng u | ||
| 035 | _a(Sirsi) u125017 | ||
| 245 | _aDevelopment Control statistics | ||
| 260 | _c2004 | ||
| 490 |
_aODPM Statistical Release _v(2004/0018), 30 January 2004(2) |
||
| 520 | _aThese statistics provide a overview of development control activities in England in 2002/03. There were 634 000 planning applications received by planning authorities over the year, which is the highest in 13 years. 52% of the applications decided were for householder developments, 14% of applications were refused, 23% of which resulted in an appeal. The statistics can be viewed at http://www.odpm.gov.uk/stellent/groups/odpm_contro l/documents/contentservertemplate/odpm_index.hcst? n=4288&l=2. http://www.odpm.gov.uk/pns/DisplayPN.cgi?pn_id=200 4_0018 | ||
| 590 | _aWB | ||
| 590 | _aWB | ||
| 650 | _aSTATISTICS | ||
| 650 | _aPLANNING APPLICATIONS | ||
| 650 | _aDEVELOPMENT CONTROL | ||
| 690 | _aPLANNING | ||
| 942 | _n0 | ||
| 999 |
_c116991 _d116991 |
||